00829nam a2200241Ia 4500001000600000003000900006008004100015040001300056040001300069041001300082100002000095100002900115245005900144245005800203250001100261260001000272260001700282260004900299300005500348500011100403650004200514650003100556 1116IT-RoPAU130308s9999 xx 000 0 und d aIT-RoPAU cIT-RoPAU aFRANCESE aMariet Francois gCodice Aut. SPICS: 4161 aSociologie des medias et des pratiques audio-visuelles bAudio-Visuel et Les Medias a L'Ecole Elementaire (L') a1a ed. aPARIS bColin Armand c1981 [1° Ed.:1981 - Ed.Ling.Originale:1981] a"9 p. (prefazione: no ; testo: 9 [pagine: 47-55])" aSociologia Cei Media e delle Pratiche Audiovisive Effetti dei Media Ideologie pedagogiche dell'Audiovisivo aPEDAGOGIA DELLA COMUNICAZIONE SOCIALE eCodice materia Spics: 3804